000 00361nam a22001337a 4500
020 _qHB.
040 _cFIZZA ISHAQ
082 _a690.22
_bJSC
100 _aLOWC, SCOTT J.
_989059
245 _aCONSTRUCTION ON CONTAMINATED SITES /
_cJ.SCOTT LOWE.
260 _aNEW YORK ;
_bMC GROW HILL,
_c1997.
300 _a254 P. ;
942 _2ddc
_cBK
999 _c587890
_d587890